000 00527nam a22001575i 4500
001 171382
003 ES-MaACL
005 20230906214622.0
008 090513s1966 sp |||| | spa d
100 1 _aSöhngen, Gottlieb.
_9140107
245 1 3 _aLa ley y el evangelio
_b: ensayo sobre su unidad analógica /
_cGottlieb Söhngen ; [versión ... de José Luis Albizu].
260 _aBarcelona :
_bHerder,
_c1966.
300 _a146 p. ;
_c20 cm.
700 1 _aAlbizu, José Luis.
_919396
852 _aES-MaACL
_jC-30010
_9R.60500
999 _c171382
_d171382